ARRUPE JESUIT UNIVERSITY

CORONAVIRUS -STOP THE SPREAD - CLEAN,DISINFECT,COVER

Your Spirit, Lord, (Record no. 125224)

MARC details
000 -LEADER
fixed length control field 00921cam a2200313 i 4500
001 - CONTROL NUMBER
control field 10633274
003 - CONTROL NUMBER IDENTIFIER
control field ARRUPE
005 - DATE AND TIME OF LATEST TRANSACTION
control field 20160928160429.0
008 - FIXED-LENGTH DATA ELEMENTS--GENERAL INFORMATION
fixed length control field 130314s2012 ke a 000 p eng
010 ## - LIBRARY OF CONGRESS CONTROL NUMBER
LC control number 2012313679
020 ## - INTERNATIONAL STANDARD BOOK NUMBER
International Standard Book Number 9789966213402
020 ## - INTERNATIONAL STANDARD BOOK NUMBER
International Standard Book Number 9966213406
035 ## - SYSTEM CONTROL NUMBER
System control number (OCoLC)ocn841222385
035 ## - SYSTEM CONTROL NUMBER
System control number (OCoLC)841222385
035 ## - SYSTEM CONTROL NUMBER
System control number (NNC)10633274
040 ## - CATALOGING SOURCE
Original cataloging agency DLC
Language of cataloging eng
Description conventions rda
Transcribing agency DLC
Modifying agency OCLCQ
-- NYP
-- OCLCO
-- STF
-- ZCU
042 ## - AUTHENTICATION CODE
Authentication code lcode
-- pcc
043 ## - GEOGRAPHIC AREA CODE
Geographic area code f-ke---
050 #4 - LIBRARY OF CONGRESS CALL NUMBER
Classification number BX961.H6 2000
300 ## - PHYSICAL DESCRIPTION
Dimensions 21 cm
100 ## - MAIN ENTRY--PERSONAL NAME
Personal name Theological-Historical Commission (Holy Year)
9 (RLIN) 26338
245 14 - TITLE STATEMENT
Title Your Spirit, Lord,
Remainder of title fill the earth
Statement of responsibility, etc by Theological-Historical Commission (Holy Year)
260 ## - PUBLICATION, DISTRIBUTION, ETC. (IMPRINT)
Place of publication, distribution, etc Nairobi
Name of publisher, distributor, etc Paulines
Date of publication, distribution, etc 2000
300 ## - PHYSICAL DESCRIPTION
Extent 128p.;
650 ## - SUBJECT ADDED ENTRY--TOPICAL TERM
Topical term or geographic name as entry element Holy year
9 (RLIN) 25734
942 ## - ADDED ENTRY ELEMENTS (KOHA)
Source of classification or shelving scheme Library of Congress Classification
Koha item type Monograph ( Printed materials)
948 0# - LOCAL PROCESSING INFORMATION (OCLC); SERIES PART DESIGNATOR (RLIN)
Series part designator, SPT (RLIN) 20140127
b (OCLC) x
c (OCLC) sds12
d (OCLC) MPS
948 1# - LOCAL PROCESSING INFORMATION (OCLC); SERIES PART DESIGNATOR (RLIN)
Series part designator, SPT (RLIN) 20140303
b (OCLC) f
c (OCLC) cmh2166
d (OCLC) OSMC
Holdings
Withdrawn status Lost status Source of classification or shelving scheme Damaged status Not for loan Collection code Home library Current library Shelving location Date acquired Total Checkouts Full call number Barcode Date last seen Price effective from Koha item type
    Library of Congress Classification     Main Collection ARRUPE LIBRARY ARRUPE LIBRARY Main Collection 13/09/2016   BX961.H6 2000 46500009574 22/11/2017 13/09/2016 Monograph ( Printed materials)

 

Arrupe Library. PO Box MP320 Mt Pleasant, Harare, Zimbabwe
263 242 745411|librarian@aju.ac.zw